|
|
|
|
| LEADER |
01064nam a22002531a 4500 |
| 001 |
c000184745 |
| 003 |
CARM |
| 005 |
20041220184517.0 |
| 008 |
851029m19081911enk 0 eng d |
| 019 |
1 |
|
|a 4025118
|z 28491643
|5 LACONCORD2021
|
| 035 |
|
|
|a (OCoLC)3882277
|5 LACONCORD2021
|
| 040 |
|
|
|a NUN
|b eng
|c NUN
|d XNTU
|
| 082 |
0 |
4 |
|a 623.81
|
| 100 |
1 |
|
|a Biles, John Harvard.
|
| 245 |
1 |
4 |
|a The Design and construction of ships.
|
| 260 |
|
|
|a Lond. :
|b Griffin,
|c 1908,
|c 1911.
|
| 300 |
|
|
|a 2 vol.
|
| 505 |
0 |
|
|a Vol.1, Claculations and strength. 1908. Vol.2, Stability, resistance, propulsion, and oscillations of ships. 1911.
|
| 650 |
|
0 |
|a Naval architecture.
|
| 852 |
8 |
|
|b CARM
|h A2:AP20E0
|i C07266
|p 0243958
|f BK
|
| 852 |
8 |
|
|b CARM
|h A2:AP20E0
|i C07266
|p 0243959
|f BK
|
| 999 |
f |
f |
|i 3fc910cf-a27c-5bfc-be06-ade72d85c4ef
|s 51065b14-9f61-576c-8cda-1217b4dc1978
|
| 952 |
f |
f |
|p Can circulate
|a CAVAL
|b CAVAL
|c CAVAL
|d CARM 1 Store
|e C07266
|f A2:AP20E0
|h Other scheme
|i book
|j v.2
|m 0243959
|
| 952 |
f |
f |
|p Can circulate
|a CAVAL
|b CAVAL
|c CAVAL
|d CARM 1 Store
|e C07266
|f A2:AP20E0
|h Other scheme
|i book
|j v.1
|m 0243958
|